Представление документа в формате RUSMARC

ПолеНазваниеЗначение
  Тип записи a
  Библиографический уровень a
001 Контрольный номер RU/CBS_Ul/BASE/475156637
005 Дата корректировки 20240209175145.9
100 Данные общей обработки __
a Данные общей обработки 20150121d2015 ||| 0rusy0189 ca
101 Язык документа 0_
a Язык текста rus
102 Страна публикации __
a Страна публикации RU
105 Кодированные данные (монография) __
a Кодированные данные (монография) y###||||000|y
200 Заглавие и сведения об ответственности 1_
a Заглавие На острове Буяне
b Общее обозначение материала Текст
e Сведения, относящиеся к заглавию [роман]
f Первые сведения об ответственности В. Галактионова
225 Серия 0_
a Серия Рубрика газеты/журнала
300 Общие примечания __
a Общие примечания Ограничения по возрасту 18 +
461 Уровень набора _0
1 2000
a Роман-газета
463 Уровень физической единицы _0
1 001RU/CBS_Ul/BASE/475156418
1 2000
a №24
v С. 2
1 210
d 2014
610 Ключевые слова 0_
a Ключевые слова современная проза
a Ключевые слова роман
686 Индексы других классификаций __
a Классификационный индекс 84(2Рос=Рус)6
2 Код системы ББК
700 Автор _1
a Фамилия Галактионова
b Имя (инициалы) В.
801 Источник записи _0
a Страна RU
b Организация МБУК ЦБС г. Ульяновска
c Дата составления 20150121
g Правила каталогизации RCR
801 Источник записи _1
a Страна RU
b Организация МБУК ЦБС г. Ульяновска
c Дата составления 20150121
g Правила каталогизации RCR
901 Тип документа __
t Тип документа b
w Контрольный № источника RU/CBS_Ul/BASE/475156418
910 Корректоры записи __
a Корректор записи Ильина
938 Служебная информация __
a Имя БД period